Georgia : Report on Observance of Standards and Codes-FATF Recommendations for Anti-Money Laundering and Combating the Financing of Terrorism.

This report is on the observance of standards and codes for the FATF 40 recommendations for antimoney laundering (AML) and special recommendations on combating the financing of terrorism. The government of Georgia indicated that the recommendations of the report have already been put into an action...

Ful tanımlama

Detaylı Bibliyografya
Müşterek Yazar: International Monetary Fund. Legal Dept
Materyal Türü: Dergi
Dil:English
Baskı/Yayın Bilgisi: Washington, D.C. : International Monetary Fund, 2013.
Seri Bilgileri:IMF Staff Country Reports; Country Report ; No. 2013/005
Online Erişim:Full text available on IMF
LEADER 01754cas a2200241 a 4500
001 AALejournalIMF013282
008 230101c9999 xx r poo 0 0eng d
020 |c 5.00 USD 
020 |z 9781475517996 
022 |a 1934-7685 
040 |a BD-DhAAL  |c BD-DhAAL 
110 2 |a International Monetary Fund.  |b Legal Dept. 
245 1 0 |a Georgia :   |b Report on Observance of Standards and Codes-FATF Recommendations for Anti-Money Laundering and Combating the Financing of Terrorism. 
264 1 |a Washington, D.C. :  |b International Monetary Fund,  |c 2013. 
300 |a 1 online resource (16 pages) 
490 1 |a IMF Staff Country Reports 
500 |a <strong>Off-Campus Access:</strong> No User ID or Password Required 
500 |a <strong>On-Campus Access:</strong> No User ID or Password Required 
506 |a Electronic access restricted to authorized BRAC University faculty, staff and students 
520 3 |a This report is on the observance of standards and codes for the FATF 40 recommendations for antimoney laundering (AML) and special recommendations on combating the financing of terrorism. The government of Georgia indicated that the recommendations of the report have already been put into an action plan to implement appropriate corrective measures. Executive Directors approve that the regime has significantly improved since the last assessment. However, weaknesses with regard to compliance with key elements of the standard should be urgently addressed in light of significant vulnerabilities and threats. 
538 |a Mode of access: Internet 
830 0 |a IMF Staff Country Reports; Country Report ;  |v No. 2013/005 
856 4 0 |z Full text available on IMF  |u http://elibrary.imf.org/view/journals/002/2013/005/002.2013.issue-005-en.xml  |z IMF e-Library